De la Ingeniería electoral /
Guardado en:
| Hovedforfatter: | |
|---|---|
| Format: | Texto |
| Fag: | |
| Tags: |
Tilføj Tag
Ingen Tags, Vær først til at tagge denne postø!
|
MARC
| LEADER | 00000 a a2200000 04500 | ||
|---|---|---|---|
| 001 | 2020 | ||
| 003 | |||
| 040 | |||
| 100 | |a Solano Bárcenas, Orlando | ||
| 245 | |a De la Ingeniería electoral / |c Orlando Solano Bárcenas | ||
| 500 | |a Este artículo forma parte del capítulo III de la publicación denominada Manual de Ingeniería Electoral | ||
| 650 | |a SISTEMAS ELECTORALES | ||
| 650 | |a DISEÑO | ||
| 650 | |a METODOLOGIA | ||
| 650 | |a ELECCIONES | ||
| 650 | |a HISTORIA | ||
| 650 | |a LEGISLACION | ||
| 773 | |g número 21; páginas 93-125 | ||
| 999 | |c 37436 |d 37436 | ||
